Music Quiz

Random Music or Anime Quiz

Anime OST Quiz Stats

 Plays Quiz not verified by Sporcle

Score 0/33 Timer 14:00
0 Plays Today
Time Anime % Correct
5:30-5:41Tengen Toppa Gurren Lagann
62.6%
2:21-2:30Sword Art Online
60%
1:23-1:33Naruto
57.9%
5:20-5:30Attack on Titan
53.3%
5:42-6:13Death Note
52.3%
2:52-3:02Angel Beats!
45.1%
0:30-0:41Fullmetal Alchemist: Brotherhood
41%
2:31-2:41Code Geass: Hangyaku no Lelouch R2
39.5%
5:00-5:10No Game No Life
34.4%
1:02-1:13Bleach
30.3%
4:07-4:16Steins;Gate
28.2%
0:00-0:09The Melancholy of Haruhi Suzumiya
26.7%
4:38-4:48Log Horizon
25.6%
4:28-4:37Clannad
21%
5:10-5:20Free!
13.3%
3:34-3:44Kanon (2006)
11.8%
2:10-2:20Robotics;Notes
10.8%
Time Anime % Correct
2:41-2:52Chihayafuru
10.8%
0:52-1:02Shakugan no Shana
8.7%
1:46-1:58Amagi Brilliant Park
7.7%
1:34-1:45Saki
7.2%
1:14-1:23Lucky☆Star
6.2%
3:45-3:55Ano Hi Mita Hana no Namae wo Bokutachi wa Mada Shiranai
5.6%
4:48-4:59Hyakka Ryouran Samurai Girls
5.1%
1:59-2:09Magical Girl Lyrical Nanoha
3.1%
3:02-3:12Aria the Natural
3.1%
3:13-3:23Usagi Drop
3.1%
3:56-4:06Kokoro Connect
2.6%
0:20-0:29Kamisama no Memochou
2.1%
3:24-3:33Shugo Chara!
2.1%
4:17-4:27Hourou Musuko
2.1%
0:41-0:52Highschool of the Dead
1.5%
0:09-0:19Tamayura ~Hitotose~
1%

You're not logged in!

Compare scores with friends on all Sporcle quizzes.
OR
Log In

Sporcle TV

Today on Sporcle TV


Watch our educational content, quiz creation guides, and fun videos on Sporcle TV.

Show Comments

Extras

Top Quizzes Today


Score Distribution

Your Account Isn't Verified!

In order to create a playlist on Sporcle, you need to verify the email address you used during registration. Go to your Sporcle Settings to finish the process.

Report this User

Report this user for behavior that violates our Community Guidelines.

Details: